1106 1284 1951 1588 1232 1403 1373 1055 1547 1208 1580 1392 1750 1385 1544 1298 1639 1104 1132 1588 1869 1765 1901 1950 1189 1141 1608 1933 1773 1332 1738 1968 1212 1967 1765 1710 1544 1876 1294 1894 1984 1252 1567 1950 1501 1657 1912 1616 1697 1469 1136 1094 1654 1126 1796 1431 1053 1371 1868 1961 1602 1608 1241 1638 1807 1399 1285 1624 1464 1887 1770 1039 1000 1444 1732 1236 1021 1848 1068 1201 1592 1819 1093 1817 1193 1817 1020 1786 1267 1889 1634 1333 1971 1919 1665 1914 1720 1133 1175 BCNSPRNW ULIB Ver.6.0+V

เปลี่ยนเป็นภาษาไทย

Change to English
 แสดงรายละเอียดบรรณานุกรม
  กลับหน้าหลัก

Brief Record : Get Marc (ISO 2709) : E-mail record : QR code < ปิดหน้าต่าง
LEADER : 00000nam 2200000uu 4500
001    13399109338
003     ULIB
008    110317s2549||||th 000 0 tha d
020    9749181174
060  4 WA754^bส344ร 2549
100 0  สุทัศน์ ยกส้าน
245 00 มหัสจรรย์แห่งพืช/^cสุทัศน์ ยกส้าน
250    พิมพ์ครั้งที่ 2
260    กรุงเทพฯ:^bปาเจรา,^c2549
300    120 หน้า:^bภาพประกอบ
650  7 พืช
650  7 พฤกษศาสตร์
700 0  จันทร์ เอี่ยมเจริญยิ่ง,^eบรรณาธิการ
945    ^p150^l0^i024968
995    ทศพร
999 ^a ใช้งานได้ทุกระบบ
รายการนี้ยังไม่มีแท็ก
คุณยังไม่ได้ล็อกอิน คุณสามารถมีกิจกรรมร่วมกับเว็บไซต์ได้ แต่ต้องล็อกอินก่อน ::
  ล็อกอิน

รายการสื่อสารสนเทศ

ลำดับที่ ประเภท เลขเรียก/บาร์โค้ด สถานที่ สถานะ
- ไม่พบข้อมูล -

รายการใกล้เคียง
    ผู้แต่ง [สุทัศน์ ยกส้าน]

    หัวเรื่อง [พืช]
    หัวเรื่อง [พฤกษศาสตร์]

BibComment


ยังไม่เคยถูกคอมเมนท์

คอมเมนท์ทรัพยากรรายการนี้
  คอมเมนท์: มหัสจรรย์แห่งพืช ..


 Copyright 2026. Bcnsprnw @Library